000 00327nam a2200133Ia 4500
005 20260328104319.0
008 260328s9999||||xx |||||||||||||| ||und||
100 _aSantos, Paula
245 0 _aPaula Santos :
_b Works and projects /
_cPaula Santos
260 _bOTIMA
300 _a128 p.
650 _aARQUITECTOS
942 _cBK
999 _c11265
_d11265